رشتون کے سیراب (Record no. 15094)
[ view plain ]
| 000 -LEADER | |
|---|---|
| fixed length control field | 00215nam a22000977a 4500 |
| 082 ## - DEWEY DECIMAL CLASSIFICATION NUMBER | |
| Classification number | 891.4335ع ز ا |
| 100 ## - MAIN ENTRY--AUTHOR NAME | |
| Personal name | عذرا سید |
| 245 ## - TITLE STATEMENT | |
| Title | رشتون کے سیراب |
| 260 ## - PUBLICATION, DISTRIBUTION, ETC. (IMPRINT) | |
| Place of publication | راولپنڈی |
| 942 ## - ADDED ENTRY ELEMENTS (KOHA) | |
| Koha item type | Books |
No items available.